1507 1007 1602 1905 1831 1584 1793 1036 1562 1312 1498 1620 1139 1025 1603 1200 1809 1917 1357 1609 1595 1381 1667 1449 1227 1608 1521 1808 1398 1873 1330 1111 1279 1550 1849 1825 1352 1831 1623 1247 1041 1576 1083 1223 1216 1482 1167 1687 1622 1084 1395 1915 1114 1766 1025 1587 1868 1630 1546 1432 1949 1309 1508 1564 1232 1601 1558 1375 1260 1410 1153 1352 1160 1973 1835 1469 1320 1900 1775 1958 1111 1635 1073 1341 1151 1619 1749 1326 1953 1615 1705 1571 1863 1853 1934 1645 1369 1715 1290 BCNSPRNW ULIB Ver.6.0+V

เปลี่ยนเป็นภาษาไทย

Change to English
 แสดงรายละเอียดบรรณานุกรม
  กลับหน้าหลัก

Brief Record : Get Marc (ISO 2709) : E-mail record : QR code < ปิดหน้าต่าง
LEADER : 00000nam 2200000uu 4500
001    13399109395
003     ULIB
008    110325s2543||||th 000 0 tha d
060 04 WB15^bอ868ศ 2543
110 1  วิทยาลัยพยาบาลบรมราชชนี อุตรดิตถ์
245 10 เอกสารประกอบการบรรยาย โครงการอบรมเรื่อง ศัพท์เทคนิคทางการแพทย์ /^cวิทยาลัยพยาบาลบรมราชชนี อุตรดิตถ์
250    พิมพ์ครั้งที่ 1
260    อุตรดิตถ์ :^bวิทยาลัยพยาบาลบรมราชชนี อุตรดิตถ์,^c2543
300    109 หน้า
650  7 ศัพท์เทคนิคทางการแพทย์
710 2  สถาบันพระบรมราชชนก.^bวิทยาลัยพยาบาลบรมราชชนี อุตรดิตถ์
945    ^p0^l0^i013168
945    ^p0^l0^i013169
995    ทศพร
999 ^a ใช้งานได้ทุกระบบ
รายการนี้ยังไม่มีแท็ก
คุณยังไม่ได้ล็อกอิน คุณสามารถมีกิจกรรมร่วมกับเว็บไซต์ได้ แต่ต้องล็อกอินก่อน ::
  ล็อกอิน

รายการสื่อสารสนเทศ

ลำดับที่ ประเภท เลขเรียก/บาร์โค้ด สถานที่ สถานะ
- ไม่พบข้อมูล -

BibComment


ยังไม่เคยถูกคอมเมนท์

คอมเมนท์ทรัพยากรรายการนี้
  คอมเมนท์: เอกสารประกอบการบร..


 Copyright 2026. Bcnsprnw @Library